| 000 | 00342nam a22001457a 4500 | ||
|---|---|---|---|
| 082 | _aP-492 | ||
| 100 |
_aUsman _948323 |
||
| 245 | _aTraffic analysis of lahore ring road project | ||
| 260 |
_aMCE _bMCE _c2012 |
||
| 300 | _a88 p. : | ||
| 526 |
_a0 _b0 _c0 _dP_492 |
||
| 650 | _aProject | ||
| 700 |
_aAnees Ur Rehman _948324 |
||
| 942 |
_2ddc _cBK |
||
| 999 |
_c551306 _d551306 |
||